[Event "Madrid-ch"]
[Site "Madrid"]
[Date "2017.06.11"]
[Round "7"]
[White "Pablos Tenrero, Raquel"]
[Black "Pana, Dorin"]
[Result "1-0"]
[WhiteElo "1988"]
[BlackElo "2038"]
[PlyCount "103"]
[EventDate "2017.06.05"]
[EventType "swiss"]
[EventRounds "7"]
[EventCountry "ESP"]
[SourceTitle "CBM 179 Extra"]
[Source "ChessBase"]
[SourceDate "2017.08.23"]
[SourceVersion "1"]
[SourceVersionDate "2017.08.23"]
[SourceQuality "1"]

1. d4 d5 2. Nc3 Nf6 3. Bf4 e6 4. e3 Bb4 5. Bd3 Nbd7 6. Nf3 Nh5 7. Bg3 Nxg3 8. hxg3 h6 9. g4 Be7 10. Qe2 c5 11. dxc5 Nxc5 12. Bb5+ Bd7 13. Bxd7+ Nxd7 14. e4 dxe4 15. Nxe4 Qa5+ 16. c3 Nf6 17. Nfd2 0-0-0 18. Qc4+ Kb8 19. f3 Nd5 20. Nb3 Qb6 21. 0-0-0 Rc8 22. Qd4 Qa6 23. Kb1 Rhd8 24. Qxg7 Ne3 25. Rxd8 Rxd8 26. Nc1 Qb5 27. Qxf7 Ba3 28. b3 Nd1 29. Qf6 Rd7 30. Rxh6 Bxc1 31. Kxc1 a6 32. Qf8+ Ka7 33. Qc5+ Qxc5 34. Nxc5 Rd6 35. Ne4 Rd8 36. Rxe6 Ne3 37. g3 Rd1+ 38. Kb2 Rf1 39. Rf6 Re1 40. g5 a5 41. c4 b5 42. cxb5 Nd5 43. Ra6+ Kb7 44. g6 Re2+ 45. Ka3 Nb4 46. Rxa5 Nc2+ 47. Ka4 Nd4 48. Kb4 Nxf3 49. Nc5+ Kb8 50. g7 Re8 51. Nd7+ Kc7 52. Nf6 1-0

[Event "Madrid-ch"]
[Site "Madrid"]
[Date "2017.06.08"]
[Round "4"]
[White "Casares Ripoll, Fernando"]
[Black "Pana, Dorin"]
[Result "1-0"]
[WhiteElo "2087"]
[BlackElo "2038"]
[PlyCount "141"]
[EventDate "2017.06.05"]
[EventType "swiss"]
[EventRounds "7"]
[EventCountry "ESP"]
[SourceTitle "CBM 179 Extra"]
[Source "ChessBase"]
[SourceDate "2017.08.23"]
[SourceVersion "1"]
[SourceVersionDate "2017.08.23"]
[SourceQuality "1"]

1. e4 c5 2. c3 d5 3. exd5 Qxd5 4. d4 Nc6 5. Nf3 Nf6 6. Be2 Bg4 7. c4 Qd7 8. d5 Bxf3 9. Bxf3 Nd4 10. Be3 Nxf3+ 11. Qxf3 Rc8 12. h3 b5 13. b3 bxc4 14. bxc4 g6 15. Nd2 Bg7 16. 0-0 0-0 17. Rab1 e6 18. dxe6 Qxe6 19. Qb7 Qc6 20. Qxa7 Ne4 21. Nxe4 Qxe4 22. Bxc5 Rfd8 23. Rfc1 Bh6 24. Be3 Bxe3 25. Qxe3 Rxc4 26. Qxe4 Rxe4 27. Rc2 Ra4 28. Ra1 h5 29. Kf1 Kg7 30. Ke1 Re4+ 31. Re2 Red4 32. a4 Ra8 33. a5 Rd5 34. a6 Ra7 35. Rd2 Re5+ 36. Kd1 Re6 37. Rda2 Rc6 38. g3 g5 39. Ke2 Kg6 40. Ra5 Rd6 41. R1a4 Re7+ 42. Kf1 Ra7 43. Kg2 f5 44. Ra3 Rc6 45. Rf3 Rf6 46. g4 hxg4 47. hxg4 f4 48. Rfa3 Rd6 49. Kf3 Re6 50. R3a4 Rd6 51. Ke4 Rd2 52. Ra2 Rd6 53. Ke5 Rd1 54. Rd5 Re1+ 55. Kd6 f3 56. Re5 Rxe5 57. Kxe5 Re7+ 58. Kd4 Re2 59. Ra1 Re8 60. a7 Ra8 61. Ke3 Kf6 62. Kxf3 Ke6 63. Ke4 Kd6 64. Kf5 Kc6 65. Kxg5 Kb7 66. f4 Rg8+ 67. Kf5 Ka8 68. g5 Rf8+ 69. Kg4 Rc8 70. g6 Rc2 71. Kg5 1-0

[Event "Madrid-ch sf"]
[Site "Madrid"]
[Date "2017.04.06"]
[Round "9"]
[White "Pana, Dorin"]
[Black "Arbunic Castro, Giovanna B"]
[Result "0-1"]
[WhiteElo "2034"]
[BlackElo "2005"]
[PlyCount "128"]
[EventDate "2017.03.27"]
[EventType "swiss"]
[EventRounds "9"]
[EventCountry "ESP"]
[SourceTitle "CBM 177 Extra"]
[Source "ChessBase"]
[SourceDate "2017.04.27"]
[SourceVersion "1"]
[SourceVersionDate "2017.04.27"]
[SourceQuality "1"]

1. e4 c5 2. Nf3 Nc6 3. d4 cxd4 4. Nxd4 g6 5. Nc3 Bg7 6. Be3 Nf6 7. f3 0-0 8. Qd2 d5 9. 0-0-0 Ne5 10. Nb3 e6 11. Bg5 Qe7 12. exd5 Rd8 13. d6 Qf8 14. Qe3 h6 15. Bh4 Nc6 16. Ne4 g5 17. Nxf6+ Bxf6 18. Bg3 e5 19. Bd3 Rxd6 20. Qe4 Qg7 21. Qh7+ Kf8 22. Qe4 Nd4 23. Nxd4 Rxd4 24. Qe2 Be6 25. Kb1 e4 26. fxe4 Ra4 27. b3 Ra5 28. Bd6+ Kg8 29. Bb4 Re5 30. Bc3 Rc5 31. Bxf6 Qxf6 32. Rhf1 Qg7 33. Rf2 a5 34. a4 Rac8 35. Rdf1 Rc3 36. Ka2 b5 37. Bxb5 Qd4 38. Rc1 Bxb3+ 39. cxb3 Rxc1 40. Qb2 Qxb2+ 41. Kxb2 Re1 42. Bc4 Rxe4 43. Bxf7+ Kg7 44. Bd5 Re7 45. Bc4 Rf8 46. Rd2 Re5 47. Ka3 Rf4 48. h3 Re3 49. Bd5 Rf1 50. Kb2 Ree1 51. Bc4 Rd1 52. Rc2 Rg1 53. Kc3 Rc1 54. Rxc1 Rxc1+ 55. Kd4 Rc2 56. g3 Rg2 57. Kc5 Rxg3 58. Kb5 Rxh3 59. Kxa5 g4 60. Be2 h5 61. b4 Rh2 62. Bc4 g3 63. Bd5 h4 64. b5 h3 0-1

[Event "Madrid-ch sf"]
[Site "Madrid"]
[Date "2017.04.04"]
[Round "7"]
[White "Pana, Dorin"]
[Black "Lopez de Turiso, Jose Angel"]
[Result "0-1"]
[WhiteElo "2034"]
[BlackElo "2031"]
[PlyCount "94"]
[EventDate "2017.03.27"]
[EventType "swiss"]
[EventRounds "9"]
[EventCountry "ESP"]
[SourceTitle "CBM 177 Extra"]
[Source "ChessBase"]
[SourceDate "2017.04.27"]
[SourceVersion "1"]
[SourceVersionDate "2017.04.27"]
[SourceQuality "1"]

1. e4 c5 2. Nf3 Nc6 3. d4 cxd4 4. Nxd4 e5 5. Nb3 Nf6 6. Nc3 Bb4 7. Bg5 Bxc3+ 8. bxc3 h6 9. Bxf6 Qxf6 10. Bc4 d6 11. Qd3 Be6 12. Bb5 Bd7 13. Rd1 a6 14. Bc4 Ke7 15. 0-0 Rhd8 16. Qg3 Be6 17. Bxe6 Qxe6 18. f4 Kf8 19. f5 Qf6 20. Rd3 Rac8 21. Rfd1 Rc7 22. Qe3 Ke7 23. Qb6 Rcd7 24. Rd5 Ke8 25. c4 Qh4 26. c5 Qxe4 27. h3 Nd4 28. Rxd6 Ne2+ 29. Kh1 Ng3+ 30. Kh2 Qf4 31. Qxd8+ Rxd8 32. Rxd8+ Ke7 33. R8d7+ Kf6 34. R7d6+ Kg5 35. Kg1 Qe3+ 36. Kh2 Nxf5 37. R6d3 Qf4+ 38. Kg1 e4 39. Rf1 Qe5 40. Rd7 Kg6 41. c4 Qc3 42. Rxb7 Qe3+ 43. Kh1 Ng3+ 44. Kh2 Nxf1+ 45. Kh1 Ng3+ 46. Kh2 Ne2 47. Rb6+ f6 0-1

[Event "Madrid-ch sf"]
[Site "Madrid"]
[Date "2017.03.31"]
[Round "5"]
[White "Pana, Dorin"]
[Black "Cabanas Bravo, Juan Andres"]
[Result "1-0"]
[WhiteElo "2034"]
[BlackElo "2005"]
[PlyCount "81"]
[EventDate "2017.03.27"]
[EventType "swiss"]
[EventRounds "9"]
[EventCountry "ESP"]
[SourceTitle "CBM 177 Extra"]
[Source "ChessBase"]
[SourceDate "2017.04.27"]
[SourceVersion "1"]
[SourceVersionDate "2017.04.27"]
[SourceQuality "1"]

1. e4 e5 2. Nf3 Nc6 3. Bc4 Bc5 4. d3 Nf6 5. 0-0 d6 6. a4 a6 7. c3 Ba7 8. h3 Ne7 9. Re1 Ng6 10. Nbd2 0-0 11. Nf1 b5 12. Bb3 Bd7 13. Ng3 Qc8 14. Be3 Nf4 15. d4 Bxh3 16. gxh3 Qxh3 17. Bxf4 exf4 18. Nf1 Rae8 19. Bc2 c5 20. axb5 cxd4 21. cxd4 Ng4 22. N3h2 h5 23. Qf3 Qh4 24. Qxf4 Bxd4 25. Nxg4 hxg4 26. bxa6 Be5 27. Qe3 Re6 28. Ng3 Qh3 29. Nf1 g3 30. Nxg3 Bxg3 31. Qxg3 Rg6 32. Re3 Rxg3+ 33. Rxg3 Qc8 34. Bb3 Qa8 35. Bd5 Qa7 36. Rb3 Rc8 37. Rb7 Qd4 38. a7 Rc2 39. a8Q+ Kh7 40. Rxf7 Qe5 41. Qa3 1-0

[Event "Madrid-ch sf-A"]
[Site "Madrid"]
[Date "2015.03.25"]
[Round "9"]
[White "Pana, Dorin"]
[Black "Beyerholm, Arne"]
[Result "1/2-1/2"]
[WhiteElo "1945"]
[BlackElo "2058"]
[PlyCount "119"]
[EventDate "2015.03.09"]
[EventType "swiss"]
[EventRounds "9"]
[EventCountry "ESP"]
[SourceTitle "CBM 165 Extra"]
[Source "ChessBase"]
[SourceDate "2015.04.21"]
[SourceVersion "1"]
[SourceVersionDate "2015.04.21"]
[SourceQuality "1"]

1. e4 e5 2. Nf3 Nf6 3. Bc4 Nxe4 4. Nxe5 d5 5. Qe2 Be6 6. Bb3 Bd6 7. d3 Nf6 8. Bg5 0-0 9. 0-0 h6 10. Bh4 Bxe5 11. Qxe5 Nbd7 12. Qe2 Re8 13. Nc3 c6 14. Rae1 Qc7 15. Qd2 Bf5 16. Ne2 a5 17. a3 Qb6 18. a4 Qb4 19. Qxb4 axb4 20. Nd4 Bh7 21. Bg3 Rxe1 22. Rxe1 Re8 23. Kf1 Rxe1+ 24. Kxe1 Ne8 25. a5 Nc5 26. Kd2 Kf8 27. f3 Ke7 28. Ke3 Nd6 29. Be1 Na6 30. g4 f5 31. h4 fxg4 32. fxg4 g5 33. hxg5 hxg5 34. Nf3 Kf6 35. Bg3 Ne8 36. Be5+ Kg6 37. Bd4 c5 38. Bxd5 cxd4+ 39. Kxd4 Kf6 40. Bxb7 Nec7 41. Ne5 Bg8 42. Bxa6 Nxa6 43. Nd7+ Ke7 44. Nc5 Nxc5 45. Kxc5 Be6 46. Kxb4 Bxg4 47. Kc5 Kd7 48. Kd4 Kc6 49. c4 Bf5 50. b4 g4 51. Ke3 g3 52. d4 Bd3 53. d5+ Kd6 54. c5+ Kxd5 55. Kf3 g2 56. Kxg2 Be4+ 57. Kf2 Kc4 58. a6 Kxb4 59. Ke3 Kxc5 60. Kxe4 1/2-1/2

[Event "Madrid-ch"]
[Site "Madrid"]
[Date "2015.02.17"]
[Round "8"]
[White "Pana, Dorin"]
[Black "Fernandez Aransay, Fernando"]
[Result "1-0"]
[WhiteElo "1943"]
[BlackElo "1869"]
[PlyCount "101"]
[EventDate "2015.02.02"]
[EventType "swiss"]
[EventRounds "9"]
[EventCountry "ESP"]
[SourceTitle "CBM 164 Extra"]
[Source "ChessBase"]
[SourceDate "2015.03.02"]
[SourceVersion "1"]
[SourceVersionDate "2015.03.02"]
[SourceQuality "1"]

1. e4 c5 2. Nf3 d6 3. d4 cxd4 4. Nxd4 Nf6 5. Nc3 g6 6. f3 Bg7 7. Be3 0-0 8. Qd2 Nc6 9. 0-0-0 d5 10. exd5 Nxd5 11. Nxc6 bxc6 12. Nxd5 cxd5 13. Qxd5 Qc7 14. Qc4 Qe5 15. Qc3 Qxc3 16. bxc3 Bxc3 17. Bc4 Rb8 18. Bxa7 Bb2+ 19. Kb1 Rb7 20. Bb3 Be5 21. Bd4 Bd6 22. h4 h5 23. g4 hxg4 24. h5 g5 25. fxg4 Bf4 26. Rdf1 Kh7 27. Rhg1 Be6 28. Bb2 Rfb8 29. Bc1 Bxb3 30. axb3 e5 31. Re1 Ra8 32. Re4 Rba7 33. Bb2 Kh6 34. Rd1 Ra6 35. Rd7 f6 36. b4 R8a7 37. Rxa7 Rxa7 38. b5 f5 39. gxf5 Kxh5 40. c4 Ra4 41. Kc2 g4 42. Kb3 Ra8 43. Bxe5 Re8 44. Rxf4 Rxe5 45. f6 Re8 46. f7 Rf8 47. b6 g3 48. Rf1 Kg6 49. Rg1 Rxf7 50. Rxg3+ Kh7 51. Kb4 1-0

[Event "Madrid-ch"]
[Site "Madrid"]
[Date "2015.02.11"]
[Round "6"]
[White "Pana, Dorin"]
[Black "Franco Rincon, David"]
[Result "1-0"]
[WhiteElo "1943"]
[BlackElo "1697"]
[PlyCount "90"]
[EventDate "2015.02.02"]
[EventType "swiss"]
[EventRounds "9"]
[EventCountry "ESP"]
[SourceTitle "CBM 164 Extra"]
[Source "ChessBase"]
[SourceDate "2015.03.02"]
[SourceVersion "1"]
[SourceVersionDate "2015.03.02"]
[SourceQuality "1"]

1. e4 e5 2. Nf3 Nc6 3. Bc4 d6 4. d3 Be7 5. Nc3 Nf6 6. h3 0-0 7. Bg5 h6 8. Be3 Na5 9. Bb3 Nxb3 10. axb3 Be6 11. 0-0 a6 12. d4 exd4 13. Nxd4 Nh7 14. f4 Bd7 15. Qd3 Bf6 16. Rad1 Re8 17. Nd5 Be6 18. Nc3 Rc8 19. Rf3 Bd7 20. Nd5 Be6 21. Nxe6 fxe6 22. Nxf6+ Nxf6 23. Rg3 Qe7 24. Rf1 Rf8 25. f5 Kh8 26. Rg6 Rce8 27. Bxh6 gxh6 28. Rxh6+ Nh7 29. Rxe6 Qf7 30. Rg6 Rg8 31. Rxg8+ Kxg8 32. Rf4 Qf6 33. Qc4+ Qf7 34. Rg4+ Kf8 35. Qc3 Re6 36. Qe3 Re7 37. Qd4 Ke8 38. Qa7 Nf6 39. Qxb7 Kd7 40. Rg6 Nxe4 41. Qxa6 Nc5 42. Qb5+ c6 43. Qb8 Re1+ 44. Kh2 Na6 45. Rxd6+ Ke7 1-0

[Event "Madrid-ch"]
[Site "Madrid"]
[Date "2015.02.09"]
[Round "4"]
[White "Pana, Dorin"]
[Black "Rodriguez Bachiller, Luis"]
[Result "1-0"]
[WhiteElo "1943"]
[BlackElo "1714"]
[PlyCount "85"]
[EventDate "2015.02.02"]
[EventType "swiss"]
[EventRounds "9"]
[EventCountry "ESP"]
[SourceTitle "CBM 164 Extra"]
[Source "ChessBase"]
[SourceDate "2015.03.02"]
[SourceVersion "1"]
[SourceVersionDate "2015.03.02"]
[SourceQuality "1"]

1. e4 e6 2. d4 d5 3. e5 c5 4. Bb5+ Bd7 5. Bxd7+ Qxd7 6. c3 Nc6 7. Nf3 cxd4 8. cxd4 Bb4+ 9. Nbd2 Nge7 10. 0-0 Nf5 11. a3 Ba5 12. b4 Bb6 13. Nb3 Rc8 14. g4 Nfe7 15. Be3 a6 16. Qd2 Ba7 17. Rac1 0-0 18. Ng5 f6 19. exf6 Rxf6 20. f4 h6 21. Nf3 e5 22. f5 exd4 23. Nbxd4 Nxd4 24. Rxc8+ Qxc8 25. Bxd4 Bxd4+ 26. Qxd4 Qc4 27. h3 Qxd4+ 28. Nxd4 Nc6 29. Rd1 Nxd4 30. Rxd4 Rd6 31. Kf2 Kf7 32. Kf3 Kf6 33. Kf4 Rc6 34. h4 Rc4 35. g5+ hxg5+ 36. hxg5+ Ke7 37. Ke5 Rxd4 38. Kxd4 Kd6 39. a4 b6 40. b5 axb5 41. axb5 g6 42. fxg6 Ke6 43. g7 1-0

[Event "Madrid-ch"]
[Site "Madrid"]
[Date "2015.02.03"]
[Round "2"]
[White "Pana, Dorin"]
[Black "Fernandez Garcia, Ignacio"]
[Result "1/2-1/2"]
[WhiteElo "1943"]
[BlackElo "1836"]
[PlyCount "101"]
[EventDate "2015.02.02"]
[EventType "swiss"]
[EventRounds "9"]
[EventCountry "ESP"]
[SourceTitle "CBM 164 Extra"]
[Source "ChessBase"]
[SourceDate "2015.03.02"]
[SourceVersion "1"]
[SourceVersionDate "2015.03.02"]
[SourceQuality "1"]

1. e4 d5 2. e5 Bf5 3. d4 e6 4. Nf3 h6 5. c3 Nd7 6. Be3 a6 7. Bd3 Bxd3 8. Qxd3 c5 9. 0-0 cxd4 10. cxd4 Ne7 11. Nbd2 Nf5 12. a3 Be7 13. Rac1 0-0 14. Rc2 Rc8 15. Rfc1 Rxc2 16. Qxc2 Qb6 17. b4 Qb5 18. Nb3 Nb6 19. Na5 Rc8 20. Qd1 Rxc1 21. Bxc1 Nc4 22. Nb3 Qa4 23. g4 Nh4 24. Nxh4 Bxh4 25. Qc2 Be7 26. Na1 Nb6 27. Qxa4 Nxa4 28. Nb3 b6 29. f3 Kf8 30. Kf2 Ke8 31. Ke2 Kd7 32. Kd3 Kc6 33. f4 Kb5 34. Kc2 a5 35. bxa5 bxa5 36. Bd2 Bxa3 37. Nxa5 Be7 38. Nb3 Kc4 39. f5 Bg5 40. fxe6 fxe6 41. Bxg5 hxg5 42. h3 Nc3 43. Nc5 Kxd4 44. Nxe6+ Kxe5 45. Nxg5 Ne4 46. Nf3+ Kf4 47. Nd4 g6 48. Ne6+ Kg3 49. Kd3 Nf2+ 50. Kd4 Nxh3 51. g5 1/2-1/2